03363nam a2200385 a 4500003000500000005001700005007000300022008004100025020002200066040002300088041002300111050002000134082002400154100002900178245011300207250001700320264003100337300007300368336002700441337002700468338002800495504003800523505093600561520111601497650002702613650004502640650005302685650002902738650003402767650002302801650003602824650004502860650003402905650003802939CHAP20250127183216.0ta250127s2022 mx ado|fr|||| 001 0 spa d a978-607-17-2395-6 amxchpuacCHAPerda aspabspafspahspa10aGF26b.F73 202200220a304.2bF73 20221 aFranco López, Jonathan10aEvaluación del impacto ambiental :btécnicas y procedimientos metodológicos /cJonathan Franco López a1a edición aMéxico :bTrillas,c2022 a319 páginas :bilustraciones, gráficas, diagramas, tablas, fotos 2rdacontentatextobtxt 2rdamediaasin mediobn 2rdacarrieravolumenbnc aBibliografía: páginas 307-3090 a1. Generalidades -- 2. La evaluación del impacto ambiental -- 3. Marco legal aplicable a los esudios de impacto ambiental -- 4. Aspectos relacionados con la evaluación de los componentes ambientales -- 5. Metodologías para identificación y evaluación de impactos ambientales -- 6. Metodologías (métodos ad hoc) para identificación y evaluación de impactos ambientales -- 7. Metodologías [listas de verificación o chequeo (checklist)] para identificación y evaluación de impactos ambientales -- 8. Metodologías (matrices) para identificación y evaluación de impactos ambientales -- 9. Metodologías (redes) para identificación y evaluación de impactos ambientales -- 10. Metodologías (métodos cartográficos) para identificación y evaluación de impactos ambientales -- 11. Otras metodologías para identificación y evaluación de impactos ambientales -- 12. Medidas de mitigación.2 aLas evaluaciones de impacto ambiental pretenden, como principio, preservar en la mayor medida posible un equilibrio entre el desarrollo de la actividad y los componentes del ambiente, a sabiendas de que, por definición, toda actividad o proyecto humano lo altera en mayor o menor medida, No se trata entonces de constituir un obstáculo a las actividades , sino de convertirse en un instrumento que ayude a prevenir alteraciones significativas del entorno natural, así como las condiciones preexistentes y de los ecosistemas humanos, para mejorar las condiciones de vida de los grupos sociales.Este libro presenta diferentes metodologías para identificación y evaluación de impactos ambientales cuyo objetivo es, por una parte, la protección del ambiente y, por otra, revertir los problemas de degradación existentes, debidos a la explotación indiscriminada de los recursos naturales en diversas zonas del planeta. Con esto se busca poner en práctica alternativas de desarrollo sostenible o sustentable, que satisfagan las necesidades del presente sin comprometer las de generaciones futuras.17aEcología humana2atg13aEvaluación de impacto ambiental 2atg13aSeres humanosxManejo de recursos naturales2atg13aGestión ambiental2atg13aSostenibilidad ambiental2atg13aHuman ecology2atg13aEnvironmental assessment 2atg13aHumansxNatural resource management2atg13aEnvironmental management2atg13aEnvironmental sustainability2atg